Statistics for Rappers by Describing Words #2

Click here to take the quiz!

General Stats

  • This quiz has been taken 46 times
  • The average score is 6 of 15

Answer Stats

HintAnswer% Correct
Opposite of the pastFuture
83%
Small boatLil Yachty
73%
9 + 10 = ___, fierce or violent21 Savage
71%
A medical occupation, short form for a popular nameDr. Dre
56%
A sex position6ix9ine
54%
Basketball league, small childNBA Youngboy
51%
A candyEminem
49%
A fruit drink, the earthJuice WRLD
49%
A shade, type of cameraKodak Black
32%
A type of dogPitbull
29%
A letter of the alphabet, simpleG-Eazy
27%
Snot, a sweaterA Boogie wit da Hoodie
22%
Luck, a risky professionChance the Rapper
12%
Falling, a colourTrippie Redd
12%
Quiet factoryMeek Mill
7%

Score Distribution

Percentile by Number Answered

Percent of People with Each Score

Your Score History

You have not taken this quiz